| 000 | 00797nam a22002177a 4500 | ||
|---|---|---|---|
| 005 | 2010072205365.0 | ||
| 010 | _aENG-97352 | ||
| 020 |
_c990.00 _a9788184501780 |
||
| 035 | _aEN-80885 | ||
| 037 | _bDBAD/PUB | ||
| 082 | _a362.10954 | ||
| 100 |
_aChatterjee, Biswajit _93442 |
||
| 245 |
_aGlobalisation and health sector in India / _cby Biswajit Chatterjee |
||
| 260 |
_aNew Delhi _bDeep & Deep Publications _c2009 |
||
| 270 |
_aF-159, Rajouri Garden, _bNew Delhi _e110027 |
||
| 300 |
_aviii, 284p. _c23cm (Hb) |
||
| 500 | _aIncludes bibliographical references and index | ||
| 700 | _92116 | ||
| 942 |
_2ddc _cEN _mCHA _h362.10954 |
||
| 999 |
_c38133 _d38133 |
||